A guide to Latex2e : document preparation for beginners and advanced users
Saved in:
| Main Author: | |
|---|---|
| Other Authors: | |
| Format: | Book |
| Language: | English |
| Published: |
Wokingham, England ; Reading Mass. :
Addison-Wesley Pub. Co.,
1995
|
| Edition: | 2nd ed. |
| Subjects: | |
| Tags: |
Add Tag
No Tags, Be the first to tag this record!
|
MARC
| LEADER | 00000nam a2200000 i 4500 | ||
|---|---|---|---|
| 001 | 1/45103 | ||
| 008 | 980514s1995 eng d | ||
| 020 | |a 020142777X | ||
| 035 | |l 10042452 | ||
| 040 | |a GR-MY-UA |b |e aacr | ||
| 041 | 0 | |a eng | |
| 082 | 0 | |a 686.22544536 | |
| 100 | 1 | |a Kopka, Helmut. | |
| 245 | 1 | 2 | |a A guide to Latex2e : |b document preparation for beginners and advanced users / |c Helmut Kopka, Patrick W. Daly |
| 250 | |a 2nd ed. | ||
| 260 | |a Wokingham, England ; Reading Mass. : |b Addison-Wesley Pub. Co., |c 1995 | ||
| 300 | |a x, 554 σ.; |b εικ.; |c 24 εκ. | ||
| 500 | |a Rev. ed. of: A guide to LATEX. 1993 | ||
| 504 | |a Περιλαμβάνει βιβλιογραφικές παραπομπές και ευρετήριο | ||
| 630 | 0 | 0 | |a LaTeX (Computer file) |
| 650 | 0 | 0 | |a Computerized typesetting. |
| 700 | 1 | |a Daly, Patrick W. | |
| 852 | |a INST |b SAMOS |e 19980604 |h 686.22544536 KOP |p 005300011364 |q 005300011364 |t BK |y 23 | ||
| 852 | |a INST |b SAMOS |e 19980604 |h 686.22544536 KOP |p 005300011365 |q 005300011365 |t BK |y 0 | ||
| 852 | |a INST |b SAMOS |e 19980514 |h 686.22544536 KOP |p 005300011616 |q 005300011616 |t BK |y 4 |x 20200217 | ||
| 852 | |a INST |b SAMOS |e 19980514 |h 686.22544536 KOP |p 005300011617 |q 005300011617 |t BK |y 0 | ||
| 901 | |a BIBL-1998-2 | ||
| 909 | |a Σ |b 055649 | ||
| 909 | |a Σ |b 055650 | ||
| 909 | |a Σ |b 056688 | ||
| 909 | |a Σ |b 056689 | ||
| 922 | |a 3ΕΛΗ |b 199804 |c ΚΠΣ |d ΠΑΠΑΣΩΤΗΡΙΟΥ | ||